000 00605nam a2200193 i 4500
001 104189
003 ES-MaACL
005 20250712081859.0
007 t|
008 051124s1963 sp ||||1| spa d
100 1 _aMichelena, Luis.
_980916
245 1 0 _aLenguas y protolenguas /
_cLuis Michelena.
260 _aSalamanca :
_b[s.n.],
_c1963 (
_fGráf. Cervantes)
300 _a87 p. ;
_c25 cm.
490 1 _aActa Salmanticensia. Filosofía y letras ;
_v2 ;
_vXVII
830 0 0 _aActa Salmanticensia
_v2 ;
_vXVII
_9181394
852 _aES-MaACL
_jC-23451
_bR.51982
999 _c104189
_d104189